Statistiques concernant Cyclisme : les Monuments 2018-2023

Cliquez ici pour prendre le quiz!

Statistiques générales

  • Ce quiz a été pris 271 fois
  • Le résultat moyen est 28 sur 35

Statistiques - réponses

AnnéesPaysMonuments% Correct
2022🇸🇮Pogacar
99%
2021🇸🇮Pogacar
99%
2023🇸🇮Pogacar
99%
2023🇸🇮Pogacar
99%
2021🇸🇮Pogacar
99%
2022🇳🇱Van der Poel
99%
2020🇳🇱Van der Poel
99%
2023🇳🇱Van der Poel
99%
2023🇳🇱Van der Poel
99%
2020🇧🇪Van Aert
94%
2023🇧🇪Evenepoel
93%
2022🇧🇪Evenepoel
93%
2020🇸🇮Roglic
93%
2019🇫🇷Alaphilippe
91%
2022🇸🇮Mohoric
90%
2018🇸🇰Sagan
90%
2018🇫🇷Pinot
87%
AnnéesPaysLiège Bastogne Liège
79%
AnnéesPaysParis Roubaix
79%
2019🇧🇪Gilbert
78%
AnnéesPaysMilan San Remo
78%
2018🇮🇹Nibali
76%
AnnéesPaysTour de Lombardie
76%
AnnéesPaysTour des Flandres
76%
2022🇳🇱Van Baarle
76%
2021🇩🇰Asgreen
73%
2021🇮🇹Colbrelli
73%
2019🇮🇹Bettiol
66%
2019🇩🇰Fuglsang
62%
2020🇩🇰Fuglsang
62%
2018🇱🇺Jungels
62%
2021🇧🇪Stuyven
59%
2020Annulé
54%
2019🇳🇱Mollema
51%
2018🇳🇱Terpstra
47%

Distribution des résultats

Percentile par nombre de réponses

% des personnes avec chaque résultat

Votre développement - résultats

Vous n’avez pas pris ce quiz